Visualizzazione normale
Vista MARC
- Frazzi Andrea
di Personal Name
Records bibliografici associati: 1
001 - CONTROL NUMBER
- control field: 37124
003 - CONTROL NUMBER IDENTIFIER
- control field: IT-RoPau
005 - DATE AND TIME OF LATEST TRANSACTION
- control field: 20151125160018.0
008 - FIXED-LENGTH DATA ELEMENTS
- fixed length control field: 151125|| aca||aabn | a|a d
040 ## - CATALOGING SOURCE
- Original cataloging agency: IT-RoPau
- Transcribing agency: IT-RoPau
100 ## - HEADING--PERSONAL NAME
- Personal name: Frazzi Andrea
- Relator term: (regista)
- Miscellaneous information: Codice secondo regista SPICS: 6437
670 ## - SOURCE DATA FOUND
- Source citation: Work cat.: (IT-RoPau)104686: Frazzi Antonio Codice regista SPICS: 6436 37122, DON MILANI IL PRIORE DI BARBIANA DON MILANI IL PRIORE DI BARBIANA (Rif. Codice opera principale : F0719)